| 000 | 00512nam a2200169Ia 4500 | ||
|---|---|---|---|
| 008 | 220216s9999 xx 000 0 und d | ||
| 100 | _aAbraham M | ||
| 245 | 0 | _aPreliminary investigations on the allelopathic tendency of Mikania micrantha, a common weed in young rubber (Hevea brasiliensis) plantations | |
| 260 |
_bNatural Rubber Research _c2006 |
||
| 300 | _a81-83 | ||
| 650 | _aAllelopathy | ||
| 650 | _aCowpea | ||
| 650 | _aMikania micrantha | ||
| 650 | _aRice | ||
| 700 | _aAbraham C T | ||
| 942 | _cJS | ||
| 999 |
_c65488 _d65488 |
||